[Event "Titled Tuesday intern op 5th May"]
[Site "Chess.com INT"]
[Date "2020.05.05"]
[Round "8"]
[White "Borisova, Ekaterina"]
[Black "Pak, Evgeniy"]
[Result "0-1"]
[WhiteElo "2283"]
[BlackElo "2569"]
[PlyCount "134"]
[EventDate "2020.05.05"]
[EventType "swiss (blitz)"]
[EventRounds "10"]
[EventCountry "USA"]
[SourceTitle "EXT 2021"]
[Source "ChessBase"]
[SourceDate "2020.10.23"]
[SourceVersion "1"]
[SourceVersionDate "2020.10.23"]
[SourceQuality "1"]

1. d4 Nf6 2. c4 e6 3. g3 d5 4. Nf3 a6 5. Bg2 dxc4 6. 0-0 Nc6 7. e3 Rb8 8. Nfd2 e5 9. Bxc6+ bxc6 10. dxe5 Ng4 11. Nxc4 Be6 12. Nbd2 Qd5 13. b3 Bb4 14. Bb2 Rd8 15. Nf3 Qe4 16. Qe2 Bd5 17. h3 h5 18. a3 Be7 19. Ncd2 Qg6 20. e4 Be6 21. Kg2 Bc5 22. b4 Bb6 23. hxg4 hxg4 24. Nh4 Qh6 25. Bc3 g5 26. Rh1 gxh4 27. Rxh4 Qg7 28. Rxh8+ Qxh8 29. Rh1 Qg7 30. Qxa6 Qg6 31. Qe2 Ke7 32. a4 Bd4 33. Bxd4 Rxd4 34. Nf1 Rxe4 35. Ne3 Rxe3 36. fxe3 Bd5+ 37. Kg1 Qb1+ 38. Kf2 Qxh1 39. Qxg4 Qg2+ 40. Ke1 Qh1+ 41. Ke2 Qh2+ 42. Ke1 Qh6 43. e4 Qe3+ 44. Kf1 Bxe4 45. a5 Bf3 46. Qc4 Bd5 47. Qg4 Qd3+ 48. Kf2 Qc2+ 49. Ke3 Qc3+ 50. Kf2 Qxe5 51. a6 Qb2+ 52. Kg1 Qa1+ 53. Kf2 Qxa6 54. Qg5+ Kd7 55. Qf5+ Be6 56. Qc5 Qc4 57. Qf8 Qd4+ 58. Kf3 Qf6+ 59. Ke3 Qe7 60. Qh8 Qxb4 61. Qf6 Qc5+ 62. Kd2 Qd6+ 63. Kc3 c5 64. g4 Qg3+ 65. Kd2 Qxg4 66. Qe5 Qd4+ 67. Qxd4+ cxd4 0-1

[Event "Titled Tuesday intern op 5th May"]
[Site "Chess.com INT"]
[Date "2020.05.05"]
[Round "10"]
[White "Gukesh, Dommaraju"]
[Black "Pak, Evgeniy"]
[Result "0-1"]
[WhiteElo "2563"]
[BlackElo "2586"]
[PlyCount "90"]
[EventDate "2020.05.05"]
[EventType "swiss (blitz)"]
[EventRounds "10"]
[EventCountry "USA"]
[SourceTitle "EXT 2021"]
[Source "ChessBase"]
[SourceDate "2020.10.23"]
[SourceVersion "1"]
[SourceVersionDate "2020.10.23"]
[SourceQuality "1"]

1. e4 e5 2. Nf3 Nc6 3. Bb5 a6 4. Ba4 Nf6 5. 0-0 Be7 6. Re1 b5 7. Bb3 d6 8. c3 0-0 9. h3 Na5 10. Bc2 c5 11. d4 Nd7 12. Bd2 Qc7 13. d5 Nb6 14. b3 Bd7 15. Be3 Nb7 16. Nbd2 a5 17. a3 f5 18. exf5 Nxd5 19. Bg5 Nxc3 20. Qc1 Bf6 21. Nf1 Bc6 22. Nh4 Qe7 23. f4 b4 24. Ng3 Qf7 25. Kh2 Rae8 26. axb4 cxb4 27. Bd3 Nc5 28. Bc4 d5 29. Rxa5 dxc4 30. Rxc5 exf4 31. Bxf4 Ba8 32. Rc7 Qd5 33. bxc4 Qd3 34. Nh5 Bxh4 35. Rxg7+ Kh8 36. Be5 Rxe5 37. Rxe5 Qd6 38. Qf4 Bf6 39. Nxf6 Kxg7 40. Nh5+ Kh8 41. f6 Ne2 42. Qg5 Rf7 43. Qg7+ Rxg7 44. fxg7+ Kg8 45. Nf6+ Qxf6 0-1

[Event "Titled Tuesday intern op 5th May"]
[Site "Chess.com INT"]
[Date "2020.05.05"]
[Round "7"]
[White "Pak, Evgeniy"]
[Black "Spitzl, Vinzent"]
[Result "1-0"]
[WhiteElo "2564"]
[BlackElo "2346"]
[PlyCount "81"]
[EventDate "2020.05.05"]
[EventType "swiss (blitz)"]
[EventRounds "10"]
[EventCountry "USA"]
[SourceTitle "EXT 2021"]
[Source "ChessBase"]
[SourceDate "2020.10.23"]
[SourceVersion "1"]
[SourceVersionDate "2020.10.23"]
[SourceQuality "1"]

1. d4 d5 2. Nf3 Nf6 3. c4 e6 4. Nc3 Bb4 5. Bg5 h6 6. Bxf6 Qxf6 7. e3 0-0 8. Qb3 c5 9. cxd5 exd5 10. dxc5 Bxc3+ 11. Qxc3 Qxc3+ 12. bxc3 Be6 13. Bb5 Rc8 14. Nd4 Rxc5 15. Kd2 Bd7 16. Rab1 Bxb5 17. Rxb5 Rxb5 18. Nxb5 Nc6 19. Rb1 b6 20. Nc7 Rd8 21. Rb5 Ne7 22. Na6 f6 23. a4 Kf7 24. a5 Rd6 25. Nb4 Ke6 26. Nc2 Kd7 27. Nd4 Kc7 28. axb6+ Rxb6 29. Ra5 a6 30. Kc2 Kd6 31. g4 g6 32. h4 Nc6 33. Ne2 Ne5 34. h5 gxh5 35. gxh5 Nc4 36. Ra2 a5 37. Nf4 Ke5 38. Kd3 Nb2+ 39. Ke2 Nc4 40. Kf3 Rb2 41. Nd3+ 1-0

[Event "Titled Tuesday intern op 14th April"]
[Site "Chess.com INT"]
[Date "2020.04.14"]
[Round "2"]
[White "Escobar Forero, Alder"]
[Black "Pak, Evgeniy"]
[Result "1-0"]
[WhiteElo "2510"]
[BlackElo "2699"]
[PlyCount "101"]
[EventDate "2020.04.14"]
[EventType "swiss (blitz)"]
[EventRounds "10"]
[EventCountry "USA"]
[SourceTitle "EXT 2021"]
[Source "ChessBase"]
[SourceDate "2020.10.23"]
[SourceVersion "1"]
[SourceVersionDate "2020.10.23"]
[SourceQuality "1"]

1. e4 e5 2. Nf3 Nc6 3. Bb5 a6 4. Ba4 Nf6 5. 0-0 Be7 6. d3 b5 7. Bb3 0-0 8. Nc3 d6 9. a3 Bb7 10. Ba2 Nd7 11. Nd5 Nc5 12. b4 Ne6 13. c3 Nb8 14. d4 Nd7 15. h3 Re8 16. Nxe7+ Qxe7 17. d5 Nef8 18. c4 Ng6 19. Bg5 f6 20. Be3 Rf8 21. Qc2 Rac8 22. cxb5 axb5 23. Qd3 f5 24. Qxb5 fxe4 25. Ng5 Ba8 26. Nxe4 h6 27. Rac1 Nf4 28. f3 Kh8 29. Kh2 Nf6 30. Bxf4 exf4 31. Nxf6 Qxf6 32. Bb1 Qg5 33. Rfd1 g6 34. Qd7 Bxd5 35. Rxd5 Qxd5 36. Bxg6 Qg8 37. Be4 Qg7 38. Qe6 Rg8 39. Rc2 Rce8 40. Qf5 Ref8 41. Qb5 Qg3+ 42. Kh1 Rg5 43. Qd7 Rg7 44. Qe6 Qg5 45. Kg1 Re7 46. Qc4 Rd8 47. Qd4+ Qe5 48. Qd3 d5 49. Rc5 Qa1+ 50. Kh2 dxe4 51. Qxd8+ 1-0

[Event "Titled Tuesday intern op 14th April"]
[Site "Chess.com INT"]
[Date "2020.04.14"]
[Round "4"]
[White "Pak, Evgeniy"]
[Black "Babiy, Igor"]
[Result "0-1"]
[WhiteElo "2672"]
[BlackElo "2243"]
[PlyCount "76"]
[EventDate "2020.04.14"]
[EventType "swiss (blitz)"]
[EventRounds "10"]
[EventCountry "USA"]
[SourceTitle "EXT 2021"]
[Source "ChessBase"]
[SourceDate "2020.10.23"]
[SourceVersion "1"]
[SourceVersionDate "2020.10.23"]
[SourceQuality "1"]

1. d4 d5 2. Nf3 Nf6 3. Bf4 c5 4. e3 Nc6 5. Nbd2 cxd4 6. exd4 Bg4 7. c3 e6 8. Qb3 Qc8 9. h3 Bh5 10. Be2 Be7 11. 0-0 0-0 12. Rae1 a6 13. Ne5 Bxe2 14. Rxe2 b5 15. Rfe1 Nxe5 16. dxe5 Nd7 17. Nf3 Qc4 18. Qd1 Qxf4 19. Nd4 Bc5 20. Re3 Bxd4 21. cxd4 Rfc8 22. Rf3 Qh6 23. Rg3 Rc4 24. Ree3 Rac8 25. Kh2 Nf8 26. Rg4 Ng6 27. Reg3 Qc1 28. Qf3 Qxb2 29. h4 h5 30. Rg5 Qxd4 31. Rxh5 Qf4 32. Qa3 Nxh4 33. Rhg5 Nf5 34. R5g4 Qc1 35. Rxg7+ Nxg7 36. Qe7 Qh6+ 37. Rh3 Qg6 38. Rg3 Rg4 0-1

[Event "Titled Tuesday intern op 14th April"]
[Site "Chess.com INT"]
[Date "2020.04.14"]
[Round "1"]
[White "Pak, Evgeniy"]
[Black "Okike, David"]
[Result "1-0"]
[WhiteElo "2711"]
[BlackElo "2177"]
[PlyCount "95"]
[EventDate "2020.04.14"]
[EventType "swiss (blitz)"]
[EventRounds "10"]
[EventCountry "USA"]
[SourceTitle "EXT 2021"]
[Source "ChessBase"]
[SourceDate "2020.10.23"]
[SourceVersion "1"]
[SourceVersionDate "2020.10.23"]
[SourceQuality "1"]

1. e4 c5 2. Nc3 Nc6 3. Bb5 Nd4 4. Bc4 g6 5. Nge2 Bg7 6. Nxd4 cxd4 7. Ne2 d6 8. d3 e6 9. 0-0 Ne7 10. Bb3 0-0 11. Ng3 a5 12. a4 Kh8 13. f4 Bd7 14. f5 exf5 15. Bg5 f6 16. Bf4 Qb6 17. exf5 Nxf5 18. Nxf5 Bxf5 19. Qf3 Rae8 20. Rae1 Bd7 21. Qd5 Rxe1 22. Rxe1 Qc5 23. Qxd6 Qxd6 24. Bxd6 Re8 25. Rxe8+ Bxe8 26. Bc5 f5 27. Bb6 Bc6 28. Bxa5 Be5 29. Bb6 Kg7 30. Bd8 h6 31. a5 Bd6 32. Bc4 Bb4 33. Bb6 g5 34. Bxd4+ Kg6 35. Bb6 g4 36. c3 Bd6 37. b4 f4 38. b5 Bd7 39. Bd5 Bc8 40. c4 Kf5 41. Bd4 Bb4 42. Be4+ Ke6 43. Bb6 Bd2 44. Kf1 Ke5 45. Ke2 Bc3 46. c5 Bd4 47. c6 Bxb6 48. axb6 1-0

[Event "Titled Tuesday intern op 17th April"]
[Site "Chess.com INT"]
[Date "2018.04.17"]
[Round "2"]
[White "Brynell, Stellan"]
[Black "Pak, Evgeniy"]
[Result "1/2-1/2"]
[WhiteElo "2423"]
[BlackElo "2432"]
[PlyCount "158"]
[EventDate "2018.04.17"]
[EventType "swiss (blitz)"]
[EventRounds "10"]
[EventCountry "USA"]
[SourceTitle "EXT 2021"]
[Source "ChessBase"]
[SourceDate "2020.10.23"]
[SourceVersion "1"]
[SourceVersionDate "2020.10.23"]
[SourceQuality "1"]

1. d4 Nf6 2. c4 e6 3. Nf3 a6 4. Nc3 d5 5. cxd5 exd5 6. Bg5 Be6 7. e3 h6 8. Bh4 g5 9. Bg3 Nh5 10. Qb3 Nxg3 11. hxg3 Ra7 12. Bd3 c6 13. Ne5 Bd6 14. f4 Nd7 15. f5 Bxe5 16. dxe5 Nxe5 17. fxe6 Nxd3+ 18. Ke2 Ne5 19. exf7+ Kxf7 20. Raf1+ Kg7 21. Rf5 Nc4 22. Nd1 Qa5 23. Qd3 Qb5 24. a4 Qc5 25. Qc3+ d4 26. Rxc5 dxc3 27. Rxc4 cxb2 28. Nxb2 Re8 29. Nd3 Re6 30. Nc5 Re5 31. a5 Ra8 32. Nxb7 Rb8 33. Nc5 Rb2+ 34. Kd3 Rxg2 35. Ne4 Rxa5 36. Rb1 c5 37. Rxc5 Rxc5 38. Nxc5 Rxg3 39. Rb6 h5 40. Ne4 Rg4 41. Kd4 h4 42. Ke5 h3 43. Rb7+ Kg6 44. Rb6+ Kg7 45. Kf5 Rg2 46. Rb7+ Kf8 47. Kf6 Ke8 48. Nxg5 h2 49. Rh7 a5 50. Ne6 Rf2+ 51. Ke5 a4 52. Nc7+ Kf8 53. Nb5 Kg8 54. Rh3 Rb2 55. Na3 Rb3 56. Nc4 Rc3 57. Kd4 Rc2 58. e4 Kf7 59. e5 Ke6 60. Rh6+ Ke7 61. Kd5 Kf7 62. e6+ Kg7 63. Rh3 Re2 64. Ne5 a3 65. e7 Rxe5+ 66. Kxe5 a2 67. e8Q a1Q+ 68. Kf4 Qf1+ 69. Kg3 Qg1+ 70. Kh4 h1Q 71. Qe5+ Kg6 72. Qe6+ Kg7 73. Qe7+ Kg8 74. Qe8+ Kg7 75. Qe7+ Kg8 76. Qe8+ Kg7 77. Qe7+ Kg8 78. Qe8+ Kg7 79. Qe7+ Kg8 1/2-1/2